Gone with the wind, part 1

Bibliographic Details
Main Author: Mitchell, Margaret , 1900-1949 (Author)
Format: Book
Published: Harlow, England : Pearson Education , 1999
Series:Penguin readers level 4
Subjects:

MARC

LEADER 00000cam a2200000 7i4500
001 0000043708
005 20180917093000.0
008 030617s1999
020 |a 0582418054 
090 0 0 |a PZ7.M47   |b G6 
100 0 |a Mitchell, Margaret ,   |d 1900-1949 ,   |e author 
245 1 0 |a Gone with the wind, part 1   |c Margaret Mitchell   |f retold by John Escott 
260 2 |a Harlow, England :   |b Pearson Education ,   |c 1999 
300 |a 60 p. ;   |c 20 cm. 
440 0 0 |a Penguin readers   |v level 4 
650 0 |a Readers 
999 |a 1000095356   |b Book   |c OPEN SHELF (30 DAYS)   |e Gong Badak Campus